[Event "EU-ch 4th"]
[Site "Istanbul"]
[Date "2003.06.01"]
[Round "3"]
[White "Erdogdu, Mert"]
[Black "Spasov, Vasil"]
[Result "0-1"]
[WhiteElo "2303"]
[BlackElo "2555"]
[Annotator "Finkel,A"]
[PlyCount "92"]
[EventDate "2003.05.30"]
[EventType "swiss"]
[EventRounds "13"]
[EventCountry "TUR"]
[SourceTitle "CBM 096"]
[Source "ChessBase"]
[SourceDate "2003.09.25"]
[SourceVersion "1"]
[SourceVersionDate "2003.09.25"]
[SourceQuality "1"]

1. e4 e6 2. d4 d5 3. Nc3 dxe4 4. Nxe4 Nd7 5. Nf3 Ngf6 6. Nxf6+ Nxf6 7. Bg5 h6
8. Bh4 c5 9. Ne5 $5 {White shows very agressive approach to the opening. After
a move in the game black finds himself under dangerous pressure, however his
defensive resourses are quite significant.} Qxd4 (9... Qa5+ 10. c3 cxd4 11.
Qxd4 Bc5 12. Qf4 Bd6 13. Bg3 O-O 14. Be2 Nd7 15. Nc4 $14 {Nataf,I-Kosic,D/
Budva 2002}) 10. Bb5+ Bd7 (10... Nd7 11. Qe2 $1 Qxh4 12. g3 Qb4+ 13. c3 Qa5 14.
O-O-O $16 {[%csl Rd7] Boersma,J-Span,P/Amsterdam 2002}) 11. Nxd7 $5 ({Deserves
attention an attempt to develop an initiative in the endgame arising after} 11.
Qxd4 cxd4 12. Nxd7 Nxd7 13. O-O-O Bc5 14. b4 Bb6 15. c4 a6 16. Ba4 e5 17. Rhe1
f6 18. c5 Bc7 19. Rxd4 $14) 11... Nxd7 12. c3 (12. Qxd4) 12... Qe5+ 13. Kf1 Qc7
14. Qa4 Be7 15. Bg3 e5 16. Rd1 (16. Bxe5 Qxe5 17. Bxd7+ Kf8 18. Re1 Qd6 19. Bf5
g6 $11) 16... O-O-O 17. Qxa7 (17. Bxd7+ Rxd7 18. Qxd7+ Qxd7 19. Rxd7 Kxd7 20.
Bxe5 f6 21. Bg3 $15) 17... Nb8 18. Ke2 h5 19. h4 $6 {Till this moment white
played very decent chess, but from now on he is making mistake after mistake
finding himself in losing position after less than 10 moves.} (19. f3 h4 20.
Bf2 h3 21. g3 f5 22. Rhe1 $14) 19... f5 20. Bc4 $6 (20. f3) 20... Qc6 21. f3 f4
22. Bf2 e4 $17 23. Rxd8+ Rxd8 24. Rc1 Qg6 $1 25. Kf1 Nc6 26. Qa4 Rd2 27. Rd1 $6
(27. Be2 $142 exf3 (27... e3 $2 28. Qxf4 Rxe2 29. Bg3 Rf2+ (29... Bd6 30. Qxd6
Rf2+ 31. Kg1 $13) 30. Kg1 Bd8 31. Bxf2 exf2+ 32. Kxf2 $132) 28. gxf3 (28. Bxf3
$2 Qd3+ 29. Kg1 Rxf2 30. Bxc6 Rxb2 $19) 28... Qe6 29. Qe4 Qh3+ 30. Ke1 Rxb2 $17
) 27... Rxb2 28. Qa3 {[%csl Ra3]} Rxf2+ $19 29. Kxf2 exf3 30. gxf3 Qg3+ 31. Ke2
Qg2+ 32. Kd3 (32. Ke1 Bxh4#) 32... Ne5+ 33. Ke4 Nxc4 34. Qa8+ Kc7 35. Rd7+ Kxd7
36. Qxb7+ Ke8 37. Qa8+ Kf7 38. Qd5+ Kg6 39. Qxc4 Qc2+ 40. Kxf4 Qh2+ 41. Ke3
Qxh4 42. Qg8 c4 43. Qe8+ Kh7 44. f4 Bc5+ 45. Ke2 Qe7+ 46. Qxe7 Bxe7 0-1

[Event "Sigeman & Co 07th"]
[Site "Malmo"]
[Date "1999.06.11"]
[Round "4"]
[White "Hector, Jonny"]
[Black "Hall, Jesper"]
[Result "0-1"]
[WhiteElo "2542"]
[BlackElo "2486"]
[Annotator "Finkel,A"]
[PlyCount "84"]
[EventDate "1999.06.??"]
[EventType "tourn"]
[EventRounds "9"]
[EventCountry "SWE"]
[EventCategory "14"]
[SourceTitle "CBM 072"]
[Source "ChessBase"]
[SourceDate "1999.10.01"]
[SourceVersion "1"]
[SourceVersionDate "1999.10.01"]
[SourceQuality "1"]

1. e4 e6 2. d4 d5 3. Nc3 Nc6 4. Nge2 {Harmless continuation promising white no
opening advantage.} dxe4 (4... Nf6 5. e5 Nd7 6. Nf4 (6. Ng3 b6 7. h4 Bb7 8. Qg4
h6 9. a3 Qe7 10. Be3 $14 {Misailovic,N-Nikolic,Z/Belgrade op 1989}) 6... Ne7 7.
Bd3 c5 $5 8. Nb5 Ng6 9. Qg4 $5 {[%csl Re6]} Nxf4 10. Bxf4 c4 11. Be2 Qa5+ 12.
Nc3 $14 {Misailovic,N-Nikolic,Z/JUG-Cup qual 1991}) 5. Nxe4 Nf6 6. Nxf6+ Qxf6 (
6... gxf6 $6 7. c3 b6 8. Nf4 e5 $6 9. Bb5 Bd7 10. Nh5 $16 {Zelcic,R-Soln,P/
Bled op 1993}) 7. Be3 b6 $5 8. Qd2 Bb7 9. O-O-O h6 10. c3 ({White gets
absolutely nothing also after} 10. Nc3 O-O-O 11. Be2 Nb4 (11... Bb4) 12. a3 Nd5
13. Bf3 Nxc3 14. Bxb7+ Kxb7 15. Qxc3 Bd6 $11) 10... O-O-O $132 11. Qc2 e5 (
11... Ne7 12. Ng3 Nd5 13. Bd3 g6 14. Be4 Bg7 $11) 12. d5 Ne7 13. c4 Nf5 14. Ng3
Nxe3 15. fxe3 Qg5 (15... Bc5 $5) 16. Qf2 Bc5 17. Rd3 Rhf8 18. Ne4 Qe7 19. g4 g6
20. Bh3 ({Worse is} 20. Qf6 $6 Qxf6 21. Nxf6 Be7 22. Ne4 f5 23. gxf5 gxf5 24.
Bh3 Kb8 25. Ng3 f4 26. Ne4 b5 $1 $15 {and black has some pressure.}) 20... f6
$5 (20... Kb8 21. Rf1 Bc8 22. Nf6 $5 $13) 21. Rf1 (21. g5+ $6 f5 22. gxh6 Rh8
23. Nxc5 Qxc5 24. Rc3 Rxh6 25. Qg3 Qd6 $15) 21... Kb8 22. Qc2 ({Of course not} 
22. Nxf6 $2 g5 $1 {[%csl Rf6]} (22... Rd6 $2 23. g5 $1 {[%csl Gd7]} hxg5 24.
Nd7+ Rxd7 25. Qxf8+ Qxf8 26. Rxf8+ Bxf8 27. Bxd7 $18) 23. d6 Bxd6 24. Qf5 Rf7
$17 {and white is in troubles.}) 22... Bc8 23. Nxc5 Qxc5 24. Rc3 $2 ({It was
correct to play} 24. e4 $1 $13 {[%cal Ga2a3,Gb2b4,Gc4c5] regaining the
coordination between the pieces.}) 24... h5 $1 $15 {[%cal Gc8h3] Now black has
an unpleasent pressure.} 25. Qg2 (25. Qxg6 hxg4 26. Bg2 f5 27. h3 Rg8 28. Qf6
Rde8 $15) 25... hxg4 26. Bxg4 f5 27. Be2 Rh8 28. Qg5 (28. Qxg6 Rxh2 29. Bd1
Rdh8 $36) 28... Rd7 29. h4 Rdh7 30. Rh1 Qe7 31. Rg1 $6 ({Good chanses of
survival would promise} 31. Qxe7 $1 Rxe7 32. e4 Reh7 (32... f4 33. c5 Reh7 34.
cxb6 axb6 35. Rc6 Rxh4 36. Rxh4 Rxh4 37. Rxg6 Rh2 38. Bd1 $132) 33. exf5 Bxf5
34. Re3 e4 35. h5 gxh5 36. Rh4 $15 {and despite the lack of pawn white seems
to hold the position.}) 31... Qxg5 32. Rxg5 Rxh4 33. Rxg6 Rh1+ 34. Kd2 R1h2 $17
{[%csl Rc3,Re2][%cal Gh2d2,Gf5f3]} 35. Rc1 (35. Rg7 f4 36. exf4 exf4 37. Re7
Bg4 $19 {[%cal Gf4f3]}) 35... f4 36. Rf1 (36. exf4 exf4 37. Rf1 Re8 $19) 36...
Bh3 37. Rf3 Bf5 $1 $19 38. Rg5 Be4 39. Rf1 f3 40. Rxe5 fxe2 41. Re1 Bf3 42. Rf5
Rf2 0-1

[Event "GER-ch 71st"]
[Site "Altenkirchen"]
[Date "1999.11.15"]
[Round "4"]
[White "Lutz, Christopher"]
[Black "Huebner, Robert"]
[Result "1/2-1/2"]
[WhiteElo "2591"]
[BlackElo "2599"]
[Annotator "Finkel,A"]
[PlyCount "92"]
[EventDate "1999.11.12"]
[EventType "swiss"]
[EventRounds "9"]
[EventCountry "GER"]
[SourceTitle "CBM 074"]
[Source "ChessBase"]
[SourceDate "2000.02.01"]
[SourceVersion "1"]
[SourceVersionDate "2000.02.01"]
[SourceQuality "1"]

1. e4 e6 2. d4 d5 3. Nc3 Nf6 4. Bg5 dxe4 5. Nxe4 Nbd7 6. Nxf6+ Nxf6 7. Nf3 h6
8. Bxf6 Qxf6 9. Bb5+ c6 10. Bd3 g6 (10... Bd7 11. Qe2 c5 12. Qe4 cxd4 $2 13.
Qxb7 Rd8 14. O-O Bd6 15. Bb5 $16 {Zaitsev,I-Dokuchaev,A/Moscow1 1995}) (10...
Bd6 11. Qe2 b6 (11... a5 12. O-O-O a4 13. a3 O-O 14. Kb1 Ra5 15. Rhe1 c5 16.
dxc5 Bxc5 $13 {Leko,P-Akopian,V/Koop Tjuchem 1996}) 12. O-O Bb7 13. Ba6 Bxa6
14. Qxa6 O-O 15. c3 c5 16. Rad1 Rfd8 17. Qe2 Rac8 $11 {Dolmatov,S-Hickl,J/
Rubinstein mem 1993}) 11. O-O (11. Qe2 Bg7 12. O-O (12. O-O-O Bd7 13. c3 O-O-O
14. h4 Kb8 15. Kb1 Bc8 16. Qe5+ Qxe5 17. Nxe5 Rhf8 {1/2-1/2 Suetin,A-Speelman,
J/Hastings 1991}) (12. c3 Bd7 13. a4 O-O 14. O-O Rac8 15. Rfd1 Rfd8 16. Be4 Be8
17. a5 Qe7 $11 {Baklan,V-Kreiman,B/Open, Bad Zwesten GER 1998}) 12... O-O 13.
c3 Rd8 14. Rad1 Bd7 15. Be4 Be8 16. Qe3 Qe7 $132 {Ionov,S-Cifuentes Parada,R/
Benasque op 1997}) 11... Bg7 12. c3 O-O 13. Qb3 Qd8 14. Be4 Qc7 15. Rfe1 b6 (
15... Bd7 16. Ne5 Rfd8 17. Bf3 Be8 18. Qc4 Rac8 19. b4 $14) 16. Rad1 $6 {
The main idea of white is to prevent black from playing c5 so better was} (16.
Qc4 $5 Bb7 17. b4 $1 $14 {with preferable position.}) 16... Bb7 17. Qc4 (17.
Ne5 Rfd8 $5 (17... Bxe5 18. dxe5 c5 19. Bxb7 Qxb7 20. Rd6 $14) 18. Nd3 Rd6 $11)
17... c5 $1 $132 18. dxc5 (18. Bxb7 Qxb7 19. dxc5 bxc5 $6 {[%csl Rc5]} (19...
Rac8 $1 20. b4 (20. Qe4 $5 Qxe4 21. Rxe4 Rxc5 (21... bxc5) 22. Rd7 a5 23. Nd2
Rfc8 24. Kf1 R8c7 $11) 20... bxc5 21. b5 Rfd8 22. Rd2 Rxd2 23. Nxd2 Qd5 $132)
20. Rd2 Rfd8 21. Red1 $14) 18... Bxe4 19. Rxe4 bxc5 (19... Rac8 $5 20. Qa4 $5 (
20. c6 Qxc6 21. Qxc6 Rxc6 22. Rd7 a5 23. Re3 Rfc8 24. Red3 $14) 20... Qxc5 21.
Qxa7 Ra8 22. Qd7 Rxa2 23. Rb4 $13) 20. Re2 Rfd8 21. Red2 Rxd2 22. Rxd2 Rd8 23.
g3 $5 (23. Rxd8+ $6 Qxd8 24. g3 (24. Qxc5 $4 Qd1+) 24... Qd5 25. Qxd5 exd5 26.
Kf1 f5 $15) 23... Rd6 24. Kf1 Qb6 $1 {[%csl Rb2]} 25. Rxd6 Qxd6 26. Ke2 Qb6 $11
{With accurate play black has fully equalized the position.} 27. b4 (27. b3 $6
Qa5 28. b4 cxb4 29. cxb4 Qa4 $15) 27... cxb4 28. cxb4 a6 29. h4 Bf8 30. a3 a5
31. bxa5 Qxa5 32. a4 Bc5 {[%csl Rf2]} 33. Ne1 Bb6 34. Qb5 Qa7 {[%csl Ga5,Rf2]}
35. Nd3 h5 36. Qc4 Kg7 37. Qc3+ $6 {Inaccuracy,permitting black to transfer e5.
} (37. Qb5 Kf8) 37... Bd4 38. Qc4 e5 39. f3 Qb6 40. Qb5 Qc7 41. Qb3 e4 $1 {
[%csl Rg3]} 42. Nf4 exf3+ 43. Kxf3 Qc6+ 44. Qd5 $1 ({It was not to late to get
into troubles:} 44. Nd5 $6 Qe6 $1 {[%csl Rf3]} 45. Qc4 Qg4+ 46. Kg2 Qe4+ $17)
44... Qxa4 45. Ne2 Bf6 46. Qe4 Qxe4+ 1/2-1/2

[Event "Degremont GP"]
[Site "Clichy"]
[Date "2004.03.13"]
[Round "2.4"]
[White "Tregubov, Pavel V"]
[Black "Bauer, Christian"]
[Result "1-0"]
[WhiteElo "2628"]
[BlackElo "2599"]
[Annotator "Finkel,A"]
[PlyCount "87"]
[EventDate "2004.03.13"]
[EventType "k.o."]
[EventRounds "3"]
[EventCountry "FRA"]
[SourceTitle "CBM 100"]
[Source "ChessBase"]
[SourceDate "2004.06.01"]
[SourceVersion "1"]
[SourceVersionDate "2004.06.01"]
[SourceQuality "1"]

1. d4 a6 $5 {Not a move you will find very often at the top level!} 2. e4 e6 3.
Bd3 d5 4. Nc3 (4. e5 $5) 4... Nc6 5. Nf3 (5. Nge2 Nb4 6. O-O Be7 7. Ng3 Nxd3 8.
cxd3 Nf6 9. e5 Ng8 10. Kh1 Bd7 11. Be3 $14 {Herbrechtsmeier,C-Legky,N/France
2002}) 5... Nb4 {After the slightly weird first move of black the game took
transposition into a well-known variation of the French defence.} (5... Nf6 6.
e5 (6. a3 Be7 7. O-O O-O 8. e5 Nd7 9. Ne2 f6 $13 {Michalek,J-Trapl,J/Czechia
2001}) 6... Nd7 7. a3 Be7 8. Ne2 Nf8 9. h4 Bd7 10. h5 Na7 11. Be3 $14 {Bologan,
V-Moskalenko,V/Moscow 1991}) 6. Be2 (6. O-O Nf6 7. e5 Nd7 (7... Nxd3 8. cxd3
Ng8 9. Bf4 Be7 10. b4 Bd7 11. Rb1 Qb8 12. Qc2 $14 {Acher,M-Legky,N/Cannes 1999}
) 8. Ne2 Be7 9. Nf4 c5 10. c3 Nxd3 11. Qxd3 b6 12. Be3 a5 13. Rfe1 $36 {
Hauchard,A-Moracchini,F/France 2003}) 6... Nf6 7. exd5 (7. e5 Ne4 8. O-O (8. a3
Nxc3 9. bxc3 Nc6 10. O-O Na5 11. Ne1 c5 12. f4 g6 13. Nf3 $14 {Pieri,F-Legky,N/
Milan 1992}) 8... Nc6 (8... c5 9. dxc5 Bxc5 10. Nxe4 dxe4 11. Qxd8+ Kxd8 12.
Ng5 Nxc2 13. Nxf7+ Ke8 14. Nxh8 Nxa1 15. Be3 Bxe3 16. fxe3 $16 {Lutz,C-Legky,N/
France 2002}) 9. Be3 Nxc3 10. bxc3 Be7 11. Nd2 Na5 12. f4 Bd7 $132 {Kindermann,
S-Prie,E/Uzes 1990}) (7. Bg5 Be7 (7... h6 8. Bxf6 Qxf6 9. a3 dxe4 10. Nxe4 Qg6
11. axb4 Qxe4 12. c3 Bd6 13. O-O O-O 14. Re1 Qf4 15. Bd3 Bd7 16. Ne5 $14 {
Odeev,H-Yu Shaoteng/Jodhpur 2003}) 8. e5 Ne4 9. Bxe7 Qxe7 10. Nxe4 dxe4 11. Nd2
e3 12. fxe3 Nd5 13. Kf2 Qg5 14. Nf1 $14 {Romero Holmes,A-Prie,E/Leon 1991})
7... Nbxd5 8. Nxd5 exd5 9. O-O Bd6 (9... Be7 10. Ne5 Bf5 11. Be3 h6 12. c3 O-O
13. Qb3 Rb8 14. Rae1 Bd6 $11 {Dubois,J-Prie,E/France 1991}) 10. Bg5 h6 11. Bh4
O-O 12. Ne5 Be7 $6 {A bit passive, but good enough to keep the balance.} (12...
Re8 13. f4 (13. Ng4 Be7 14. Ne3 c6 15. Bd3 Ne4 16. Bxe7 Rxe7 17. c3 Qd6 $11)
13... Be7 14. Bd3 Ne4 15. Bxe7 Qxe7 16. c4 c6 $13) 13. Re1 Be6 (13... Bf5) 14.
Bd3 $14 {[%cal Gf2f4,Gd1f3]} Nd7 15. Bg3 Bf6 (15... Nxe5 16. Bxe5 Bd6 17. Qf3
Bxe5 18. Rxe5 Qd6 19. c3 Rae8 20. Rae1 c6 21. Bc2 $14) 16. f4 (16. Qf3 $5)
16... Bxe5 17. dxe5 (17. fxe5 $5 $14) 17... f5 18. Bf2 c5 19. c3 b6 20. Qc2 Qe7
21. Rad1 b5 (21... a5) 22. h3 Rac8 23. a4 c4 24. Be2 Nc5 {[%cal Gc5e4]} 25.
Bxc5 Qxc5+ 26. Kh2 b4 $1 {It's important not to open the a-file for white's
pieces.} (26... bxa4 27. Bf3 Rb8 28. Qxa4 Rb6 29. Re2 Rfb8 30. Rd4 Kh7 31. Red2
Rxb2 32. Rxb2 Rxb2 33. Qxa6 Rb6 34. Qa8 Rb3 $14) 27. Bf3 Rcd8 (27... Rfd8) 28.
Qd2 a5 29. Qd4 Qc6 (29... Qxd4 30. Rxd4 Rf7 31. Red1 Rfd7 32. g4 g6 33. Kg3 $14
) 30. b3 cxb3 (30... bxc3 31. Qxc3 Qb6 32. bxc4 dxc4 33. Rb1 Qd4 34. Qxd4 Rxd4
35. Rb5 Rxf4 36. Rxa5 c3 37. Ra6 Bb3 38. a5 $16 {[%cal Ga5a8,Ga6c6]}) 31. cxb4
Qxa4 32. Qb6 Rfe8 33. Qxa5 Qxa5 (33... Ra8 34. Qc5 (34. Qxa4 Rxa4 35. Bxd5 Bxd5
36. Rxd5 Rxb4 $15) 34... Rab8 35. Rd4 Kh8 36. Rb1 Rec8 37. Qe7 Re8 38. Qd6 Rbd8
$13) 34. bxa5 Ra8 (34... g5 35. Rd4 Rd7 36. Rb4 Ra8 37. Ra1 Rda7 $11) 35. Ra1
Reb8 36. Reb1 Rb4 37. Ra3 b2 38. Ra2 d4 39. Raxb2 Rxb2 40. Rxb2 Rxa5 41. Rb8+
Kh7 $2 {Very unfortunate mistake in an equal position.} (41... Kf7 $11) 42. Rd8
Ra4 $6 (42... g5 43. Rd6 Bb3 44. Kg3 $16) 43. Rd6 $18 Bf7 44. e6 1-0

[Event "Yerevan zt 1.5"]
[Site "Yerevan"]
[Date "2000.06.08"]
[Round "2"]
[White "Kotronias, Vasilios"]
[Black "Anastasian, Ashot"]
[Result "1-0"]
[WhiteElo "2539"]
[BlackElo "2606"]
[Annotator "Finkel,A"]
[PlyCount "49"]
[EventDate "2000.06.07"]
[EventType "swiss"]
[EventRounds "9"]
[EventCountry "ARM"]
[SourceTitle "CBM 078"]
[Source "ChessBase"]
[SourceDate "2000.10.18"]
[SourceVersion "1"]
[SourceVersionDate "2000.10.18"]
[SourceQuality "1"]

1. e4 e6 2. d4 d5 3. Nd2 dxe4 4. Nxe4 Bd7 5. Nf3 Bc6 6. Neg5 Be7 (6... Nd7 7.
Nxf7 $5 Kxf7 8. Ng5+ Ke8 9. Bc4 Bxg2 10. Rg1 Bd5 11. Nxe6 $13 {Hector,
J-Lyrberg,P/Geneve op 1995}) 7. Bd3 Nd7 (7... h6 $2 8. Nxf7 Kxf7 9. Ne5+ Kf8
10. Ng6+ Ke8 11. Nxh8 $16 {Huebner,T-Komenda,E/Hessenliga 1994}) (7... Nf6 8.
Qe2 h6 9. Nxe6 Bxf3 10. Nxg7+ Kf8 11. gxf3 Kxg7 12. Bd2 Nc6 13. c3 Qd7 $13 {
Kartmann,J-Czech,L/Bruchkoebel MVT 1993}) 8. Qe2 Ngf6 $6 {It's simply
incredible that such a strong player as Anastasian doesn't know that this
variation leads to almost lost position right after the opening!This idea is
typical in this kind of positions and we can oftenly meet it in different
variations of Caro-Kan defense.} (8... Bxf3 $14) 9. Nxf7 $1 (9. Bd2 h6 10. Nxe6
fxe6 11. Bg6+ Kf8 12. O-O Nb6 13. Rad1 Be8 14. Ne5 Nbd7 15. Rfe1 Kg8 $15 {
Novotny,J-Stluka,M/CZE-chT2 1995}) 9... Bb4+ $6 (9... Bxf3 $2 10. Qxe6 Bxg2 11.
Rg1 Bd5 12. Nxd8 Kxd8 13. Qh3 Re8 14. Be3 g6 15. O-O-O $18 {Namyslo,H-Rabl,J/
Wuerttemberg-ch 1997}) (9... Kxf7 10. Ng5+ Ke8 11. Nxe6 Qc8 12. Nxg7+ Kf8 13.
Ne6+ $16) 10. c3 Bxf3 11. Qxe6+ $1 Qe7 12. Qxe7+ Bxe7 (12... Kxe7 13. Nxh8 Bxg2
14. Rg1 $18 {[%csl Rb4,Rg2]}) 13. Nxh8 $16 {White already has a rook and two
pawns for the pair of minor pieces and if he wins one more he will have the
material advantage,but the main problem of black is of the other kind:he
simply cant win back the piece!} Bd5 14. O-O Bg8 (14... O-O-O 15. Re1 Bf8 16.
c4 Bg8 17. Bg5 g6 18. Bxg6 hxg6 19. Nxg6 $18) 15. Re1 Kf8 16. h3 Bd6 17. Bg5
Nb6 (17... c5 18. dxc5 Nxc5 19. Bc2 Rd8 20. Rad1 Bxa2 21. Bxh7 $1 $18) 18. b3
Nbd5 19. c4 Nb4 20. Bf5 Rd8 21. d5 a5 22. Re3 $1 {Prearing the attack against
black king.White pawns restrict all black pieces and white in couple of moves
creates strong threats on the kingside.} b6 23. g4 Na6 24. Rf3 $1 Nc5 25. Bd2
$1 {[%cal Gg4g5]} 1-0

[Event "EU-Cup 14th final"]
[Site "Belgrade"]
[Date "1999.01.13"]
[Round "3"]
[White "Adams, Michael"]
[Black "Rozentalis, Eduardas"]
[Result "1-0"]
[WhiteElo "2716"]
[BlackElo "2577"]
[Annotator "Finkel,A"]
[PlyCount "77"]
[EventDate "1999.01.11"]
[EventType "team-k.o."]
[EventRounds "3"]
[EventCountry "YUG"]
[SourceTitle "EXT 2020"]
[Source "ChessBase"]
[SourceDate "2019.10.17"]
[SourceVersion "1"]
[SourceVersionDate "2019.10.17"]
[SourceQuality "1"]
[WhiteTeam "Breda Panfox"]
[BlackTeam "Warszawa Polonia"]
[WhiteTeamCountry "NED"]
[BlackTeamCountry "POL"]

1. d4 e6 2. e4 d5 3. Nd2 dxe4 4. Nxe4 Bd7 5. Nf3 Bc6 6. Bd3 Nd7 7. c3 Ngf6 8.
Nxf6+ Nxf6 (8... gxf6 $5 9. Bf4 Bd6 10. Bxd6 cxd6 11. Qe2 Qa5 12. O-O Qh5 13.
Be4 Bxe4 14. Qxe4 d5 {= Schaefer,M-Dobosz,H/Cuxhaven op 1993 (50)}) 9. O-O (9.
Ne5 $5 Be4 $2 10. Bxe4 Nxe4 11. Qf3 Nf6 12. Qxb7 Be7 13. Nc6 Qc8 14. Qxc8+ Rxc8
15. Nxa7 {+- Krebs,J-Engler,M/WchS 1993 (36)}) (9. Bf4 $5 Bd6 10. Be5 O-O 11.
Qe2 Nd5 12. O-O-O a5 13. h4 Nf4 14. Bxf4 Bxf4+ 15. Kb1 Qd5 $132 {Holm,
T-Kazmierska,M/Copenhagen OBRO 1993}) (9. Qe2 Bxf3 10. Qxf3 Qd5 11. Qxd5 Nxd5
12. O-O O-O-O 13. Rd1 Be7 14. Bd2 {= 1/2-1/2 Ivanov,A-McDonald,N/Maidstone
Menchik op 1994}) 9... Bxf3 (9... Bd6 $5 10. Qe2 Bxf3 11. Qxf3 c6 12. Bg5 Be7
13. Rfe1 Nd5 14. Bxe7 Nxe7 {= Van de Velden,E-Beals,D/Soest op 1996 (29)}) 10.
Qxf3 Qd5 11. Qe2 (11. Qg3 $6 Bd6 12. Qh4 (12. Qxg7 $4 Rg8 {-+}) 12... Qh5 13.
Qxh5 Nxh5 14. g3 O-O-O {=}) 11... Be7 {Serious attention deserved} (11... Qh5
$5 {practically forcing white to exchange the queens} 12. Qxh5 ({after} 12. Qc2
$6 Bd6 13. h3 O-O-O {black is the one who fights for opening advantage!}) 12...
Nxh5 13. g3 Nf6 14. a4 Bd6 15. a5 {+= and white's advantage is symbolical.})
12. Re1 O-O 13. Bf4 c6 14. a4 {+= This type of position is quiet well-known in
modern chess:it arises from different variations of Karo-Kan defense and out
of some variations of french defense.The plans of the both sides are clear:
white,who has some advantage in space and the pair of bishops,will try to
create the attack on the black king,while black,who has the rocksolid,but
passive position,will try to find his chanses in the counterattack or with
some break in the center.} Rfd8 15. Bc7 $5 ({Nothing promises immedeate} 15. a5
c5 $5 16. Bc7 Rd7 17. Be5 cxd4 18. Bxd4 Bc5 19. Bb5 (19. Bxf6 Qxd3 {=}) 19...
Rdd8 $132 {and black is o'kay.}) 15... Re8 ({Worse is} 15... Rd7 $6 16. Be5 {
and black queen is in danger.}) 16. Be5 a5 $5 (16... c5 $6 17. Bc4 Qd8 18. Rad1
$1 cxd4 19. Bb5 $1 Rf8 20. Bxd4 {+/-}) 17. Qc2 g6 18. Rad1 Qd8 19. Qb3 Qd7 20.
h4 $5 Ng4 $6 {This logical move proves to be serious inaccuracy:the knight
plays very important part in the defense of the kingside and without it
white's attack pretty soon becomes decisive.Btter was} (20... h5 21. g3 Ng4 22.
Bf4 Bf8 23. Be4 Bg7 24. Bf3 Nf6 {with solid position.}) 21. h5 Nxe5 22. dxe5
Qc8 {Sad nessasaty.} (22... Qc7 $2 23. hxg6 hxg6 24. Bxg6 $1 fxg6 25. Qxe6+ Kh8
26. Rd7 Qc8 27. Red1) 23. Re3 Bg5 24. Rh3 Qc7 25. Re1 Rad8 ({Doesn't work} 
25... Bf4 26. Qc2 Bxe5 27. hxg6 hxg6 28. Bxg6 $1 fxg6 29. Qxg6+ Qg7 30. Qh5 Bc7
(30... Bf4 31. Rh4 {+-}) 31. Rh4 (31. Re4 Rad8 $1) 31... Kf8 32. Rg4 Qf6 33.
Rg6 {+- and white is winning.}) 26. Qc2 {Threatening to take on g6.} Re7 27.
Re4 $1 {Bringing the last piece to the attack.} Red7 28. Rg3 Bh6 29. hxg6 hxg6
30. Rh4 $1 Bg7 31. f4 {+/- White's play is very simple,logical and at the same
time lethal!Now the situation in the center is stable and white may prepare
for the decisive blow.} Kf8 32. Kh2 $1 Rd5 33. Rh7 R8d7 34. Bxg6 $1 {All the
white pieces take the ideal positions and it's time to decide the game with
this sacrifice.} fxg6 35. Qxg6 Rf7 36. Qh5 $1 Bxe5 (36... Rxf4 37. Rgxg7 Qxg7
38. Rxg7 Kxg7 39. Qg5+ {+-}) (36... Rd2 37. Rhxg7 $1 Rxg7 38. Qh8+ {+-}) 37.
Qh6+ Rg7 ({Nothing changes} 37... Ke7 38. Rxf7+ Kxf7 39. Qh7+ Kf6 40. fxe5+
Qxe5 41. Qg7+ Kf5 42. Qg6+ Kf4 43. Qg4#) 38. fxe5 Qxe5 39. Qxg7+ 1-0